| 000 | 01124cam a22002775a 4500 | ||
|---|---|---|---|
| 001 | 15342129 | ||
| 005 | 20090623154543.0 | ||
| 008 | 080624s2009 cau 000 0 eng | ||
| 010 | _a 2008931849 | ||
| 020 | _a9781412922890 (hb) | ||
| 020 | _a9781412922906 (pb) | ||
| 040 |
_aDLC _cDLC |
||
| 050 |
_aQ 180.55 .M4 _bG25 2009 |
||
| 100 | 1 | _aGaiser, Ted. | |
| 245 | 1 | 2 |
_aA guide to conducting online research / _cTed Gaiser, Tony Schreiner. |
| 260 |
_aThousand Oaks, CA : _bSage, _c2009. |
||
| 263 | _a0902 | ||
| 300 |
_a176 p.; _c24 cm. |
||
| 650 | _aResearch --Methodology. | ||
| 700 | _aSchreiner, Anthony E. | ||
| 906 |
_bibc _corignew _d2 _eepcn _f20 _gy-gencatlg |
||
| 942 |
_2lcc _cBK |
||
| 999 |
_c37272 _d37272 |
||